Actinomycete isolates from Arabian sea and bay of Bengal (Record no. 82693)

MARC details
000 -LEADER
fixed length control field 00612nam a22001697a 4500
005 - DATE AND TIME OF LATEST TRANSACTION
control field 20150730123640.0
008 - FIXED-LENGTH DATA ELEMENTS--GENERAL INFORMATION
fixed length control field 150429b xxu||||| |||| 00| 0 eng d
080 ## - UNIVERSAL DECIMAL CLASSIFICATION NUMBER
Universal Decimal Classification number 579.87(267.37)
Item number DEE T
100 ## - MAIN ENTRY--PERSONAL NAME
Personal name Deepthi Augustine
245 ## - TITLE STATEMENT
Title Actinomycete isolates from Arabian sea and bay of Bengal
Remainder of title biochemical, molecular and functional characterization
Statement of responsibility, etc Deepthi Augustine; guided by Rosamma Philip
260 ## - PUBLICATION, DISTRIBUTION, ETC. (IMPRINT)
Place of publication, distribution, etc Kochi
Name of publisher, distributor, etc School of Marine Sciences; CUSAT
Date of publication, distribution, etc 2014
300 ## - PHYSICAL DESCRIPTION
Extent 298p.
653 ## - INDEX TERM--UNCONTROLLED
Uncontrolled term Marine actinobacteria
653 ## - INDEX TERM--UNCONTROLLED
Uncontrolled term Marine actinomycetes
700 ## - ADDED ENTRY--PERSONAL NAME
Personal name Rosamma Philip; guided by
942 ## - ADDED ENTRY ELEMENTS (KOHA)
item type Theses
Holdings
Lost status Source of classification or shelving scheme Not for loan Home library Current library Shelving location Date acquired Total Checkouts Full call number Barcode Date last seen Price effective from Koha item type
  Universal Decimal Classification   University Library University Library Reference 29/04/2015   579.87(267.37) DEE T T0000781 29/04/2015 29/04/2015 Theses
University Library, CUSAT